Kraje z największą populacją w 1900 roku - Statystyki

Ogólne statystyki
  • Ten quiz został rozwiązany 371 razy
  • Średni wynik to 18 z 25
Statystyki odpowiedzi
Kontynent Kraj % Poprawnych
Azja Chiny Qing
99%
Europa/Azja Imperium Rosyjskie
98%
Europa Niemcy
95%
Ameryka Północna USA
95%
Europa Francja
94%
Europa Wielka Brytania
92%
Ameryka Południowa Brazylia
90%
Azja Brytyjski Raj
90%
Europa Hiszpania
90%
Europa Włochy
83%
Azja Imperium Japońskie
81%
Ameryka Północna Meksyk
80%
Ameryka Południowa Argentyna
77%
Europa Austrio-Węgry
74%
Europa Portugalia
66%
Azja Persja
65%
Europa Szwecja
61%
Europa Holandia
56%
Azja Holenderskie Indochiny
56%
Afryka Abyssinia
47%
Azja Imperium Koreańskie
46%
Europa Rumunia
42%
Azja Syjam
28%
Azja Afganistan
24%
Afryka Maroko
23%
Nie znaleziono quizów pasujących do podanych kryteriów
Rozkład punktacji
Procent ludzi z każdym wynikiem
Percentyl według liczby udzielonych odpowiedzi
Twoja historia wyników
Nie rozwiązałeś tego quizu